|
|
|
|
| LEADER |
00000cam a2200000 c 4500 |
| 001 |
228114519 |
| 003 |
DE-627 |
| 005 |
20260206201158.0 |
| 007 |
tu |
| 008 |
970604s1997 sz ||||| 00| ||ger c |
| 015 |
|
|
|a 97,N24,0056
|2 dnb
|
| 015 |
|
|
|a 97,A41,0815
|2 dnb
|
| 016 |
7 |
|
|a 950420913
|2 DE-101
|
| 020 |
|
|
|a 3456829396
|9 3-456-82939-6
|
| 035 |
|
|
|a (DE-627)228114519
|
| 035 |
|
|
|a (DE-603)053428609
|
| 035 |
|
|
|a (DE-576)062862952
|
| 035 |
|
|
|a (DE-599)GBV228114519
|
| 035 |
|
|
|a (OCoLC)845425977
|
| 035 |
|
|
|a (OCoLC)40288493
|
| 040 |
|
|
|a DE-627
|b ger
|c DE-627
|e rakwb
|
| 041 |
|
|
|a ger
|
| 044 |
|
|
|c XA-CH
|c XA-DE
|c XD-CA
|
| 060 |
|
0 |
|a WM 140
|
| 084 |
|
|
|a 33
|a 11
|2 sdnb
|
| 084 |
|
|
|a CZ 3000
|2 rvk
|0 (DE-625)rvk/19240:
|
| 084 |
|
|
|a CU 3000
|2 rvk
|0 (DE-625)rvk/19104:
|
| 084 |
|
|
|a YH 3600
|2 rvk
|0 (DE-625)rvk/153540:12905
|
| 084 |
|
|
|a YH 1500
|2 rvk
|0 (DE-625)rvk/153519:12905
|
| 084 |
|
|
|a YH 1527
|2 rvk
|0 (DE-625)rvk/153519:12933
|
| 084 |
|
|
|a YH 1400
|2 rvk
|0 (DE-625)rvk/153517:
|
| 084 |
|
|
|a 44.91
|2 bkl
|
| 100 |
1 |
|
|a Barz, Helmut
|d 1932-2007
|0 (DE-588)131384074
|0 (DE-627)508499283
|0 (DE-576)160187362
|4 aut
|
| 109 |
|
|
|a Barz, Helmut 1932-2007
|
| 245 |
1 |
0 |
|a Psychopathologie und ihre psychologischen Grundlagen
|c Helmut Barz
|
| 250 |
|
|
|a 4., erg. Aufl.
|
| 264 |
|
1 |
|a Bern [u.a.]
|b Huber
|c 1997
|
| 300 |
|
|
|a 198 S.
|c 21 cm
|
| 336 |
|
|
|a Text
|b txt
|2 rdacontent
|
| 337 |
|
|
|a ohne Hilfsmittel zu benutzen
|b n
|2 rdamedia
|
| 338 |
|
|
|a Band
|b nc
|2 rdacarrier
|
| 500 |
|
|
|a Literaturverz. S. 179 - 180
|
| 505 |
8 |
|
|a Literaturverz. S. 179 - 180
|
| 583 |
1 |
|
|a Archivierung/Langzeitarchivierung gewährleistet
|f PENI
|x XA-DE-NI
|2 pdager
|5 DE-35
|
| 583 |
1 |
|
|a Archivierung prüfen
|c 20240324
|f DE-4165
|z 3
|2 pdager
|
| 650 |
|
0 |
|a Psychopathology
|
| 650 |
|
2 |
|a Mental Disorders
|x psychology
|
| 689 |
0 |
0 |
|d s
|0 (DE-588)4047724-1
|0 (DE-627)10482624X
|0 (DE-576)209074507
|a Psychopathologie
|2 gnd
|
| 689 |
0 |
|
|5 DE-101
|
| 689 |
1 |
0 |
|d s
|0 (DE-588)4047724-1
|0 (DE-627)10482624X
|0 (DE-576)209074507
|a Psychopathologie
|2 gnd
|
| 689 |
1 |
|
|5 (DE-627)
|
| 856 |
4 |
2 |
|u http://www.gbv.de/dms/hebis-mainz/toc/053428609.pdf
|m V:DE-603
|m B:DE-77
|q pdf/application
|x Verlag
|y Inhaltsverzeichnis
|3 Inhaltsverzeichnis
|7 1
|
| 856 |
4 |
2 |
|u http://scans.hebis.de/HEBCGI/show.pl?05342860_toc.pdf
|m V:DE-603;B:DE-77
|q application/pdf
|3 Inhaltsverzeichnis
|7 1
|
| 935 |
|
|
|i Blocktest
|
| 935 |
|
|
|h HEB
|i 0501
|
| 935 |
|
|
|h HEB
|i 0503
|
| 936 |
r |
v |
|a CZ 3000
|b Psychopathologie, Psychiatrie
|k Psychologie
|k Grenzgebiete der Psychologie
|k Psychopathologie, Psychiatrie
|0 (DE-627)1271133776
|0 (DE-625)rvk/19240:
|0 (DE-576)201133776
|
| 936 |
r |
v |
|a CU 3000
|b Psychische Störungen (Allgemeines, Einführungen, Gesamtdarstellungen)
|k Psychologie
|k Klinische Psychologie
|k Psychische Störungen
|k Psychische Störungen (Allgemeines, Einführungen, Gesamtdarstellungen)
|0 (DE-627)1271488639
|0 (DE-625)rvk/19104:
|0 (DE-576)201488639
|
| 936 |
r |
v |
|a YH 3600
|b Allgemeines
|k Medizin
|k Psychiatrie, Medizinische Psychologie
|k Allgemeine medizinische Psychologie, Psychopathologie
|k Psychologische Funktionen in der Medizin wie: Bewusstsein, Denken, Begabung, Phantasie, Angst, Gefühl, Charakter, Wille usw.
|k Allgemeines
|0 (DE-627)1271630753
|0 (DE-625)rvk/153540:12905
|0 (DE-576)201630753
|
| 936 |
r |
v |
|a YH 1500
|b Allgemeines
|k Medizin
|k Psychiatrie, Medizinische Psychologie
|k Allgemeine Psychiatrie/Medizinische Psychologie
|k Allgemeines
|k Allgemeines
|0 (DE-627)1270915711
|0 (DE-625)rvk/153519:12905
|0 (DE-576)200915711
|
| 936 |
r |
v |
|a YH 1527
|b Vergleichende Fragen (Beziehungen zu den Nachbardisziplinen)
|k Medizin
|k Psychiatrie, Medizinische Psychologie
|k Allgemeine Psychiatrie/Medizinische Psychologie
|k Allgemeines
|k A. Formalschlüssel
|k Allgemeine Literatur zu einem Hauptgebiet
|k Vergleichende Fragen (Beziehungen zu den Nachbardisziplinen)
|0 (DE-627)1271835762
|0 (DE-625)rvk/153519:12933
|0 (DE-576)201835762
|
| 936 |
r |
v |
|a YH 1400
|b Kompendien, Repetitorien, Kurzdarstellungen
|k Medizin
|k Psychiatrie, Medizinische Psychologie
|k Kompendien, Repetitorien, Kurzdarstellungen
|0 (DE-627)1271509423
|0 (DE-625)rvk/153517:
|0 (DE-576)201509423
|
| 936 |
b |
k |
|a 44.91
|j Psychiatrie
|j Psychopathologie
|0 (DE-627)106409972
|
| 936 |
s |
n |
|a c200
|2 mzub
|
| 936 |
s |
n |
|a w200
|2 mzub
|
| 951 |
|
|
|a BO
|
| ELC |
|
|
|b 1
|
| LOK |
|
|
|0 000 xxxxxcx a22 zn 4500
|
| LOK |
|
|
|0 001 3220933459
|
| LOK |
|
|
|0 003 DE-627
|
| LOK |
|
|
|0 004 228114519
|
| LOK |
|
|
|0 005 20151116135817
|
| LOK |
|
|
|0 008 150728||||||||||||||||ger|||||||
|
| LOK |
|
|
|0 035
|a (DE-21-110)kd55886
|
| LOK |
|
|
|0 040
|a DE-21-110
|c DE-627
|d DE-21-110
|
| LOK |
|
|
|0 689
|a s
|a Psychopathologie
|
| LOK |
|
|
|0 852
|z Kein Bestand am IfK; Nachweis für KrimDok
|
| LOK |
|
|
|0 852
|a DE-21-110
|
| LOK |
|
|
|0 852 1
|9 00
|
| LOK |
|
|
|0 935
|a k110
|
| LOK |
|
|
|0 939
|a 28-07-15
|b l01
|
| ORI |
|
|
|a SA-MARC-krimdoka001.raw
|